Programación y control de inventarios en los almacenes de RECOPE
Guardat en:
| Autor principal: | |
|---|---|
| Format: | Llibre |
| Publicat: |
[San José , Costa Rica]
1989
|
| Matèries: | |
| Etiquetes: |
Afegir etiqueta
Sense etiquetes, Sigues el primer a etiquetar aquest registre!
|
MARC
| LEADER | 00000nam a2200000Ia 4500 | ||
|---|---|---|---|
| 003 | 007297 | ||
| 005 | 20221231144308.0 | ||
| 008 | 140114s1989 cr a m 000 ||s d | ||
| 040 | |c cru CEDI | ||
| 090 | |a TFG 3030 | ||
| 100 | |a Mata Z, Alejandro |9 11621 | ||
| 245 | |a Programación y control de inventarios en los almacenes de RECOPE | ||
| 260 | |c 1989 |a [San José , Costa Rica] | ||
| 300 | |a xiii, 157 hojas : ilustraciones | ||
| 500 | |a Investigación Dirigida (licenciatura en ingeniería industrial)--Universidad de Costa Rica. Facultad de Ingeniería. Escuela de Ingeniería Industrial | ||
| 650 | |x PROGRAMACION DE LA PRODUCCION - DISEÑO |x CONTROL DE LA PRODUCCION - DISEÑO |x INVENTARIOS - ADMINISTRACION |x CONTROL DE INVENTARIOS |x REFINADORA COSTARRICENSE DE PETROLEO |9 11622 | ||
| 942 | |c TFG | ||
| 999 | |c 19733 |d 19733 | ||
